000 00230 a2200097 4500
001 52517
100 _aPretty R T
245 _aJane's Weapon Systems 1983-1984
260 _aNew York
_bJane's Publishers
_c
090 _c33004
_d33004
942 _aNUST-CAE
_cM
_c25564
999 _c287590
_d287590